| 000 | 01073cam a22002535a 4500 | ||
|---|---|---|---|
| 003 | OSt | ||
| 005 | 20201124142114.0 | ||
| 008 | 101017k19531954ua ||||fr||||f00| 0 ara d | ||
| 040 |
_aEG-ScBUE _bara _cEG-ScBUE |
||
| 041 |
_aara _hfr |
||
| 082 | 0 | 4 |
_a340.11 _bم و ن _222 |
| 245 | 1 | 0 |
_aروح الشرائع = _bDe l'esprit des lois / _cمونتسكيو ؛ ترجمة عادل زعيتر |
| 260 |
_aالقاهرة ؛ _a[ د.م] ؛ _aبيروت : _b اللجنه الدوليه لترجمة الروائع الانسانية، _bاللجنه الدوليه لترجمة الروائع ، _bدار المعارف ، _c1953-1954. |
||
| 300 |
_a2 مج ؛ _c30 سم. |
||
| 546 | _aأصل العمل مترجم من الفرنسيه . | ||
| 590 | _adoaa mohamed | ||
| 650 |
_aالقانون المدني _921750 _2BUEsh |
||
| 650 |
_aالالتزامات _921897 _2BUEsh |
||
| 650 |
_920435 _2BUEsh |
||
| 651 | _2BUEsh | ||
| 653 |
_bARALIT _cAugust2015 |
||
| 710 |
_aاللجنة الدولية لترجمة الروائع الإنسانية _920438 |
||
| 942 |
_cBB _k346 م و ن _2ddc |
||
| 999 |
_c7395 _d7395 |
||